000 01121nam a22003377a 4500
003 CHAP
005 20220329140253.0
008 971013s1969 r 00010 d
010 _a49527
011 _a50499
035 _a54649
040 _cCHAP
082 _a580.72
_bT6Y
100 0 0 _aTorres, Andrew M.
_9114278
245 _aManual de laboratorio para botánica general
260 _aMéxico, D.F. :
_bUTEHA,
_c1969
300 _a215 p.
_b: ilus.
490 _aManuales UTEHA
_v; 401 doble
590 _aBATCH-UPD
_b10
_c20130110
_lUCH01
_h0327
590 _aBATCH-UPD
_b10
_c20130110
_lUCH01
_h1943
590 _aBATCH-UPD
_b10
_c20130410
_lUCH01
_h0001
590 _aBATCH-UPD
_b10
_c20130914
_lUCH01
_h0732
590 _aCONVERSION
_b10
_c20130109
_lUCH01
_h1327
650 1 4 _aBotánica
_xManuales de laboratorio.
_914584
700 0 _aCostello, Robert L.
_928508
830 0 _aManuales UTEHA
_v; 401 doble
_970712
901 _aBK
942 _cLIBRO
949 _a580.72 T6Y
_bBC
_cLIBRO
_d33724000522983
_eLIBRO
_h14883
_i54649
_mD
_si
949 _a580.72 T6Y
_bBC
_cLIBRO
_d33724000522991
_eLIBRO
_fc.2
_h26601
_i54649
_mD
_si
999 _c49527
_d49527